India and the changing world order / (Record no. 751344)
[ view plain ]
| 000 -LEADER | |
|---|---|
| fixed length control field | 01590cam a22001698i 4500 |
| 020 ## - INTERNATIONAL STANDARD BOOK NUMBER | |
| ISBN | 9781032767246 |
| 082 00 - DEWEY DECIMAL CLASSIFICATION NUMBER | |
| Classification number | 327.54 DHA/I |
| 245 00 - TITLE STATEMENT | |
| Title | India and the changing world order / |
| Statement of responsibility, etc | Edited by Shveta Dhaliwal. |
| 260 ## - PUBLICATION, DISTRIBUTION, ETC. (IMPRINT) | |
| Place of publication | . - London |
| Name of publisher | : Routledge |
| Year of publication | , 2024 |
| 300 ## - PHYSICAL DESCRIPTION | |
| Number of Pages | x+146 pages |
| 504 ## - BIBLIOGRAPHY, ETC. NOTE | |
| Bibliography, etc | Includes bibliographical references and index. |
| 520 ## - SUMMARY, ETC. | |
| Summary, etc | "This book brings together new perspectives on India's foreign policy in the light of a constantly shifting world order. From India's relations in its immediate neighborhood to its China policy, from India-US relations under Biden to Quad, from Grand Strategy to peacekeeping this book brings to the fore the shifting terrains of global politics and India's significant place in it. The essays in the volume critically examines changing preoccupations of India's foreign policy and its geopolitical interests, including its Act East Policy; includes comprehensive inputs on India's China policy and relations with Japan; explores India's relations with the USA, the Middle-East, Afghanistan, and Central Asia; discusses at length India's nuclear, energy, and foreign investment policies; analyses India's positioning on the emergence of the Indo-Pacific discourse. This volume will be of great interest to scholars and researchers of political science and international relations. It will also be of use to foreign policy and diplomacy practitioners, career bureaucrats, and government think tanks"-- |
| 650 #0 - SUBJECT ADDED ENTRY--TOPICAL TERM | |
| Topical Term | World politics. |
| 700 1# - ADDED ENTRY--PERSONAL NAME | |
| Personal name | Dhaliwal, Shveta,editor |
| 942 ## - ADDED ENTRY ELEMENTS (KOHA) | |
| Source of classification or shelving scheme | Dewey Decimal Classification |
| Koha item type | Book |
| Withdrawn status | Lost status | Source of classification or shelving scheme | Damaged status | Not for loan | Home Library | Current Location | Date acquired | Full call number | Accession Number | Price effective from | Koha item type |
|---|---|---|---|---|---|---|---|---|---|---|---|
| Dewey Decimal Classification | Dept. of Political Science | Dept. of Political Science | 01/03/2025 | 327.54 DHA/I | POL23773 | 12/09/2025 | Book |
